The practitioner as teacher / (رقم التسجيلة. 21136)

تفاصيل مارك
000 -الفاتح
حقل البيانات ثابتة الطول 01065cam a22003498a 4500
001 - رقم الضبط
رقم الضبط 13556987
003 - محدد رقم الضبط
رقم الضبط OSt
005 - وقت وتاريخ اخر تعامل مع التسجيلة
رقم الضبط 20150408114010.0
008 - عناصر البيانات ثابتة الطول - معلومات عامة
حقل البيانات ثابتة الطول 040413s2004 stk b 001 0 eng
010 ## - رقم ضبط مكتبة الكونجرس
رقم ضبط مكتبة الكونجرس 2004049374
020 ## - الرقم الدولى المعيارى للكتب
الرقم الدولى المعيارى للكتاب 0443072868
035 ## - رقم ضبط النظام
رقم ضبط النظام (DNLM)101214071
040 ## - مصدر الفهرسة
وكالة الفهرسة الأصلية DNLM/DLC
وكالة النسخ DLC
042 ## - رمز التحقق
رمز التحقق pcc
050 00 - رقم طلب مكتبة الكونجرس
رقم التصنيف RT42
رقم المادة .P734 2004
060 10 - رقم الطلب بالمكتبة الطبية الوطنية
رقم التصنيف WY 18
رقم المادة P8958 2004
082 00 - رقم تصنيف ديوى العشرى
رقم التصنيف 610.73
رقم الطبعة 22
245 04 - بيان العنوان
العنوان The practitioner as teacher /
بيان المسئوليه,etc edited by Sue Hinchliff.
250 ## - بيان الطبعة
بيان الطبعة 3rd ed.
260 ## - PUBLICATION, DISTRIBUTION, ETC. (IMPRINT)
مكان الناشر او الموزع Edinburgh ;
-- New York :
اسم الناشر او الموزع Churchill Livingstone,
تاريخ النشر أو التوزيع 2004.
263 ## - تاريخ النشر المتوقع
تاريخ النشر المتوقع 0404
300 ## - الوصف المادى
التعداد p. ;
أبعاد الوعاء cm.
504 ## - تبصرة ببليوجرافية
تبصرة ببليوجرافية,الخ Includes bibliographical references and index.
650 #0 - المدخل الاضافى بالموضوع-مصطلح موضوعى
مصطلح موضوعي أو اسم جغرافي كعنصر مدخل Nursing.
650 12 - المدخل الاضافى بالموضوع-مصطلح موضوعى
مصطلح موضوعي أو اسم جغرافي كعنصر مدخل Education, Nursing.
9 (RLIN) 10102
650 12 - المدخل الاضافى بالموضوع-مصطلح موضوعى
مصطلح موضوعي أو اسم جغرافي كعنصر مدخل Teaching
التقسيم الفرعي العام methods
التقسيم الفرعي الشكلي Nurses' Instruction.
9 (RLIN) 10103
650 22 - المدخل الاضافى بالموضوع-مصطلح موضوعى
مصطلح موضوعي أو اسم جغرافي كعنصر مدخل Learning
التقسيم الفرعي الشكلي Nurses' Instruction.
9 (RLIN) 10104
650 22 - المدخل الاضافى بالموضوع-مصطلح موضوعى
مصطلح موضوعي أو اسم جغرافي كعنصر مدخل Nurse Practitioners
التقسيم الفرعي الشكلي Nurses' Instruction.
9 (RLIN) 10105
700 1# - المدخل الاضافى - اسم شخصى
الإسم الشخصى Hinchliff, Susan M.
9 (RLIN) 10106
942 ## - عناصر المدخل الإضافي( كوها)
مصدر التصنيف او مخطط الترفيف Dewey Decimal Classification
Koha [default] item type كتاب
المقتنيات
حالة الفقد نموذج السعر الفعال حالة تلف ليس للاعارة رقم الطلب تاريخ الاكتساب الموقع الحالي الباركود الفرع الرئيسي Date last seen نوع المادة فى نظام كوها مصدر التصنيف او خطة الترفيف Total Checkouts
  2013-03-10     610.73 H S P 2012-04-12 مكتبة كلية العلوم الطبية التطبيقية بالمجمعة - طالبات (AMF) 00076761 مكتبة كلية العلوم الطبية التطبيقية بالمجمعة - طالبات (AMF) 2013-03-10 كتاب Dewey Decimal Classification